College Mascots by Image #1 - Statistics

General Stats
  • This quiz has been taken 436 times
  • The average score is 13 of 16
Answer Stats
Picture Answer % Correct
Oregon
95%
Wisconsin
94%
Alabama
92%
Syracuse
92%
Nebraska
87%
Notre Dame
85%
Western Kentucky
84%
Stanford
82%
North Carolina
78%
Clemson
77%
TCU
76%
Florida State
74%
UCF
67%
Oklahoma State
66%
Penn State
59%
Iowa State
52%
No matching quizzes found
Score Distribution
Percent of People with Each Score
Percentile by Number Answered
Your Score History
You have not taken this quiz